=LDR 00000nam 2200000 4500 =001 INLIS000000000037203 =005 20230508021729 =035 ##$$a 0010-061300000037203 =008 230508################g##########0#ind## =041 ##$$a Ind =082 ##$$a 372.076 =090 ##$$a 372.076, Ser s =245 ##$$a 100 % bahas tuntas soal-soal asli UN SD 2012, /$c Sri Isdiyanti S.Pd MA...[et.al] ; penynting, Nien =260 ##$$a Yogyakarta :$b Pustaka Widyatama,$c 2011 =300 ##$$a vi, 226 hlm. ; $c 20x28 cm. =650 #4$$a Pendidikan dasar-soal dan pembahasan =850 ##$$a NBPNMAT =084 ##$$a 372.076 SAT s =990 ##$$a 01880188 =990 ##$$a 21101747